000 00598nam a22002297a 4500
003 UA-OsUOA
001 94464
007 ta
008 20130211b un ||||| |||| 00| 0 ukr d
100 _aДавыдов Д.
090 _a821.161.1
_bД13
942 _cBK
040 _aUA-OsUOA
_brus
_cUA-OsUOA
_dUA-OsUOA
245 _aСтихи и проза
300 _a190 с.
955 _a3
041 _arus
080 _a821.161.1
260 _aМ.
_bДетская литература
_c1979
650 7 _a82 Література. Літературознавство
_2UDC
999 _c380719
_d380719